|
|
|
|
| LEADER |
01057cam a2200265 7i4500 |
| 001 |
0000066778 |
| 005 |
20220307090000.0 |
| 020 |
|
|
|a 9780735684188 (electronic book ; part 1)
|
| 090 |
0 |
0 |
|a QA76.76.W56
|b W36 2017
|
| 245 |
0 |
0 |
|a Windows internals
|c Pavel Yosifovich [and three others].
|
| 250 |
|
|
|a Seventh edition.
|
| 264 |
|
|
|a Redmond, Washington:
|b Microsoft Press,
|c 2017.
|
| 300 |
|
|
|a 1 online resource (xvi, 784 pages):
|b colour illustrations, text file, PDF.
|
| 336 |
|
|
|a text
|2 rdacontent
|
| 337 |
|
|
|a computer
|2 rdamedia
|
| 338 |
|
|
|a online resource
|2 rdacarrier
|
| 505 |
0 |
0 |
|a pt. 1. System architecture, processes, threads, memory management, and more
|
| 650 |
|
0 |
|a Operating systems (Computers)
|
| 650 |
|
0 |
|a Windows (Computer programs)
|
| 655 |
|
0 |
|a Electronic books
|
| 700 |
1 |
|
|a Yosifovich, Pavel
|
| 856 |
4 |
2 |
|u http://library.unisel.edu.my/web/guest/mylibrary
|
| 997 |
|
|
|a Communication, Visual Art & Computing, Faculty
|b Computing, Department
|
| 998 |
|
|
|a Computer Science, Degree
|
| 999 |
|
|
|a EBO0011384
|b EBOOK
|c EBOOK
|e Electronic resources
|